Geography Quiz

Random Geography or World Quiz
Score 0/50 Timer 08:00
0 Plays Today
Rank (Index) Country (Best Visa-free only index) % Correct
2 (172)Germany
100%
3 (171)Denmark
100%
4 (170)Sweden
100%
5 (169)Singapore
100%
6 (168)Slovenia
100%
11 (163)Croatia
100%
12 (161)Chile
100%
13 (160)Argentina
100%
17 (150)Israel
100%
18 (149)Barbados
100%
21 (142)Saint Kitts and Nevis
100%
22 (141)Costa Rica
100%
28 (135)Panama
100%
34 (128)Honduras
100%
35 (127)Samoa
100%
46 (102)South Africa
100%
1 (179)United Arab Emirates
90.9%
7 (167)Latvia
90.9%
8 (166)Cyprus
90.9%
9 (165)Malaysia
90.9%
15 (154)San Marino
90.9%
20 (145)Bahamas
90.9%
26 (137)Paraguay
90.9%
33 (129)Colombia
90.9%
37 (124)Tonga
90.9%
Rank (Index) Country (Best Visa-free only index) % Correct
38 (123)Nicaragua
90.9%
40 (121)Marshall Islands
90.9%
48 (99)Ecuador
90.9%
10 (164)Liechtenstein
81.8%
25 (138)Trinidad and Tobago
81.8%
30 (132)Grenada
81.8%
39 (122)Russia
81.8%
44 (116)Albania
81.8%
45 (103)Qatar
81.8%
49 (97)Belize
81.8%
19 (146)Vatican City
72.7%
24 (139)Seychelles
72.7%
29 (134)Saint Lucia
72.7%
41 (120)Moldova
72.7%
42 (119)Bosnia and Herzegovina
72.7%
47 (101)Timor-Leste
72.7%
50 (96)Fiji
72.7%
16 (153)Brunei
63.6%
23 (140)Saint Vincent and the Grenadines
63.6%
14 (157)Hong Kong
54.5%
27 (136)Mauritius
54.5%
31 (131)Solomon Islands
54.5%
36 (125)Tuvalu
54.5%
43 (118)Palau
54.5%
32 (130)Vanuatu
36.4%
Come Together.
Have Fun.
All Virtual.
We all need to come together. Play Sporcle's virtual live trivia to have fun, connect with people, and get your trivia on. Join a live hosted trivia game for your favorite pub trivia experience done virtually. If a virtual private party is more your thing, go here for details.

You're not logged in!

Compare scores with friends on all Sporcle quizzes.
OR
Log In

Sporcle TV

Today on Sporcle TV


Watch our educational content, quiz creation guides, and fun videos on Sporcle TV.

Show Comments

Extras

Created Feb 16, 2020ReportNominate
Tags:World Quiz, passport

Top Quizzes Today


Score Distribution

Paid Content

Your Account Isn't Verified!

In order to create a playlist on Sporcle, you need to verify the email address you used during registration. Go to your Sporcle Settings to finish the process.

Report this User

Report this user for behavior that violates our Community Guidelines.

Details: